MARC

LEADER 00000nam0a2200000 4500
001 268652
005 20231101234204.0
020 |a RU  |b 85-87424 
035 |a (RuTPU)RU\TPU\book\291805 
090 |a 268652 
100 |a 20140905d1985 k y0rusy5003 ca 
101 0 |a rus 
102 |a RU 
105 |a a z 000zy 
200 1 |a Органическая химия атмосферы  |f В. А. Исидоров  |g Под ред. Б. В. Иоффе 
210 |a Ленинград  |c Химия  |d 1985 
215 |a 265 с.  |c ил. 
606 1 |a Атмосфера  |x Химический состав  |2 stltpush  |3 (RuTPU)RU\TPU\subj\29648  |9 52932 
610 1 |a химия 
610 1 |a органические вещества 
610 1 |a органические компоненты 
610 1 |a природные источники 
610 1 |a антропогенные источники 
610 1 |a химические превращения 
610 1 |a современные методы 
610 1 |a анализ 
675 |a 551.510.41  |z rus  |v 4 
700 1 |a Исидоров  |b В. А.  |g Валерий Алексеевич  |4 070 
702 1 |a Иоффе  |b Б. В.  |4 340 
801 0 |a RU  |b RuMRKP  |c 19950704  |g psbo 
801 1 |a RU  |b 63413507  |c 20140905 
801 2 |a RU  |b 63413507  |c 20170221  |g RCR 
942 |c BK